| 000 | 00351nam a22001337a 4500 | ||
|---|---|---|---|
| 020 | _a978-0-00-718091-2 | ||
| 082 |
_a823 _bKAT/C |
||
| 100 | _aKATSCHKE, JUDY | ||
| 245 |
_aMARY-KATE AND ASHLEY TWO OF A KIND _bDIARIES CAMP ROCK N ROLL |
||
| 260 |
_aNEW YORK _bPARACHUTE PRESS BOOK _c2004 |
||
| 300 | _a101 | ||
| 650 |
_aNOVEL _zUNITED STATES |
||
| 942 | _cBK | ||
| 999 |
_c2484 _d2484 |
||